Giai thoại thiền

Sách cung cấp kiến thức về Thiền học qua những mẫu chuyện, những giai thoại hay công án... tản mạn

Đã lưu trong:
書目詳細資料
主要作者: Viên Đức
格式: 圖書
語言:Undetermined
出版: Huế Nxb. Thuận Hóa 1996
主題:
標簽: 添加標簽
沒有標簽, 成為第一個標記此記錄!
Thư viện lưu trữ: Trung tâm Học liệu Trường Đại học Cần Thơ
LEADER 00646nam a2200181Ia 4500
001 CTU_16854
008 210402s9999 xx 000 0 und d
082 |a 294.3927 
082 |b Gi103 
100 |a Viên Đức 
245 0 |a Giai thoại thiền 
245 0 |c Viên Đức 
260 |a Huế 
260 |b Nxb. Thuận Hóa 
260 |c 1996 
520 |a Sách cung cấp kiến thức về Thiền học qua những mẫu chuyện, những giai thoại hay công án... tản mạn 
650 |a wit and humor - religious aspects - zen buddhism 
980 |a Trung tâm Học liệu Trường Đại học Cần Thơ